| 000 | 01863nam a2200421 a 4500 | ||
|---|---|---|---|
| 001 | 00003805 | ||
| 003 | DO-SdBNP | ||
| 005 | 20180314114737.0 | ||
| 007 | 00003805 | ||
| 008 | 091118s2009 dr ac 000 0 spa d | ||
| 020 | _a9789945171747 | ||
| 040 |
_aBPMSU _bspa _cBPMSU |
||
| 082 | 0 | 4 |
_a373.6561 _bL566L 2do. 2009 |
| 245 | 0 | 0 |
_aLengua y literatura 2 : _beducación media / _cdirección editorial Luis Miguel Aguas Vanin ; coordinación Mónica Volonteri. |
| 260 |
_aSanto Domingo : _bSM _c2009. |
||
| 300 |
_a279 p. : _bil. ; _c27 cm. |
||
| 490 | 1 | _aEducación en valores | |
| 505 | 0 |
_aLos recursos de la poesía -- _tEl diálogo y sus variaciones -- _tEl texto dramático y la puesta en escena -- _tNarrador, personajes tiempo y espacio -- _tNovelas, crónicas y églogas -- _tDescripciones y sensaciones -- _tEl lenguaje de la ciencia -- _tLa exposición de las ideas -- _tNoticias y poemas románticos -- _tArgumentación y vanguardias -- _tEnsayos y raíces afroantillanas. |
|
| 650 | 4 |
_aESPAÑOL _xENSEÑANZA SECUNDARIA |
|
| 650 | 4 |
_aESPAÑOL _xEDUCACIÓN SECUNDARIA |
|
| 650 | 4 |
_aESPAÑOL _xESTUDIOS Y EJERCICIOS |
|
| 650 | 4 |
_aESPAÑOL _xLIBROS DE TEXTOS |
|
| 650 | 4 |
_aEDUCACIÓN SECUNDARIA _zREPÚBLICA DOMINICANA |
|
| 650 | 4 |
_aLITERATURA _xENSEÑANZA SECUNDARIA |
|
| 650 | 4 |
_aLITERATURA _xEDUCACIÓN SECUNDARIA |
|
| 650 | 4 |
_aLITERATURA _xLIBROS DE TEXTOS |
|
| 650 | 4 |
_aLITERATURA _xESTUDIOS Y EJERCICIOS |
|
| 700 | 1 |
_aAguas Vanin, Luis Miguel, _4ed. |
|
| 700 | 1 | _aVolonteri, Mónica | |
| 830 | 0 | _pEducación en valores | |
| 910 | _aValidado. Control de calidad MFF | ||
| 942 |
_2ddc _cBK |
||
| 945 | _aRemanejado para la BNPHU / 2018 BT | ||
| 956 |
_aDGARCIA _b10 _c20150806 _lBND01 _h0948 |
||
| 956 |
_aLOPEREZ _b10 _c20150807 _lBND01 _h1255 |
||
| 956 |
_aVMATEO _b10 _c20150813 _lBPMSU _h00151 |
||
| 956 |
_aLOPEREZ _b10 _cBPMSU _l20160401 _h00041 |
||
| 999 |
_c9484 _d9484 |
||